000 00744cam a2200241 a 4500
001 13466871
005 20180315105426.0
008 040123s2003 nyu 000 0 eng d
010 _a 2004296314
020 _a0688169813 (alk. paper)
035 _a(OCoLC)ocm51310693
040 _aB@L
_cB@L
_dOMP
_dBKL
_dONU
_dEYE
_dWRJ
_dDLC
041 _aeng
042 _alccopycat
080 _a158.2 KEN
082 0 0 _a158.2 KEN
_222
100 1 _a58
101 _aBUS
245 1 4 _aThe one minute apology :
_cKen Blanchard and Margret McBride.
906 _a7
_bcbc
_ccopycat
_d2
_encip
_f20
_gy-gencatlg
942 _2ddc
_cBK
999 _c45179
_d45179